01078cam a22002891 450000100060000000300080000600500170001400800390003103500190007003500180008904000290010704100080013608200200014410000350016424500680019925000140026726000390028130000310032050400510035160000720040265000550047465000500052965100620057994200120064199900170065395201180067016948BD-RjUL20211209000053.0140215s1962 paua b 001 0 eng a(BD-RjUL)17004 a(OCoLC)852256 aDLCcOUdOCoLCdDLCbeng aeng a813.4bEDH 19621 aEdel, Leon,d1907-1997.95229910aHenry James :pThe conquest of London, 1870-1883 /bLeon Edel,  a[1st ed.] aPhiladelphia :bLippincottc[1962] a465 p. :billus. ;c22 cm. aIncludes Index and bibliographical references.10aJames, Henry,d1843-1916xHomes and hauntszEnglandzLondon.952300 0aAuthors, Americany19th centuryvBiography.952301 0aAmericanszEnglandzLondonvBiography.952302 0aLondon (England)xIntellectual lifey19th century.952303 2ddccBK c16948d16948 00102ddc40708NFICaRUCLbRUCLcStackd2014-02-15l0o813.4 EDH 1962r2014-02-15 00:00:00tC-2w2014-02-15yBK